=LDR 00000nam 2200000 4500 =001 INLIS000000000022185 =005 20130612120952 =008 ***********************************Ind** =035 ##$$0010-061300000022185 =041 ##$$a Ind =082 ##$$a 2x7.3 =090 ##$$a 2x7.3, lut b1 =100 ##$$a ABU LUTHFIYAH =245 ##$$a Berbaktilah kepada kedua orang tuamu =260 ##$$a 2004 $b Bogor =300 ##$$a 42 hlm, ilus, 15 cm =650 ##$$a Nuansa islami =850 ##$$a NBPNMAT